000 00898nam a2200217Ia 4500
001 15683
003 GE_BSU
008 181216s||||||||xx |||||||||||||| ||und||
040 _cGE_BSU
080 _a94(479.22)"1989.04.09
245 _a9 აპრილი : სტატიების კრებული
245 _cშემდგ.: გ. გვერდწითელი. სპეც რედ.ს.ცაიშვილი. რედ. მ. სანადირაძე
260 _aთბილისი
260 _bმერანი, საბჭ. საქართველო
260 _c1990
300 _a685გვ. : 32ფ. ილ. ; 21სმ
520 _aზოგიერთი სტატია რუს
653 _a1989 წლის 9 აპრილი;
653 _a9 აპრილი : სტატიების კრებული
942 _cBK
999 _c48781
_d48781